书目信息 |
| 题名: |
上海中心大厦数字建造技术应用
|
|
| 作者: | 龚剑 , 朱毅敏 著 | |
| 分册: | ||
| 出版信息: | 北京 中国建筑工业出版社 2019.12 |
|
| 页数: | 14, 214页 | |
| 开本: | 26cm | |
| 丛书名: | 数字建造 | |
| 单 册: | ||
| 中图分类: | TU974-39 | |
| 科图分类: | ||
| 主题词: | 数字技术--shu zi ji shu--应用--超高层建筑--建筑施工--上海 | |
| 电子资源: | ||
| ISBN: | 978-7-112-24516-1 | |
| 000 | 01454nam 2200301 450 | |
| 001 | 202021194351 | |
| 005 | 20211203160340.14 | |
| 010 | @a978-7-112-24516-1@b精装@dCNY120.00 | |
| 100 | @a20211004d2019 em y0chiy50 ea | |
| 101 | 0 | @achi |
| 102 | @aCN@b110000 | |
| 105 | @aa a 001yy | |
| 200 | 1 | @a上海中心大厦数字建造技术应用@Ashang hai zhong xin da sha shu zi jian zao ji shu ying yong@d= The application of digital construction technology to Shanghai center@f龚剑, 朱毅敏著@zeng |
| 210 | @a北京@c中国建筑工业出版社@d2019.12 | |
| 215 | @a14, 214页@c彩图@d26cm | |
| 225 | 2 | @a数字建造@Ashu zi jian zao@i实践卷 |
| 300 | @a“十三五”国家重点图书出版规划项目 中国工程院重点咨询项目 国家“十三五”重点研发计划项目 上海超高层建筑管能建造工程技术研究中心 国家出版基金项目 | |
| 314 | @a龚剑, 博士, 教授级高工。 | |
| 320 | @a有书目 (第212-214页) 和索引 | |
| 330 | @a本书共分为7章, 系统地对上海中心大厦数字化建造的全过程进行了介绍和分析。主要内容包括: 数字化建造概况 ; 数字化深化设计 ; 地基基础工程数字化建造技术 ; 主体结构工程数字化建造技术 ; 大型设备设施数字化施工技术等。 | |
| 410 | 0 | @12001 @a数字建造@i实践卷 |
| 510 | 1 | @aApplication of digital construction technology to Shanghai center@zeng |
| 606 | 0 | @a数字技术@Ashu zi ji shu@x应用@x超高层建筑@x建筑施工@y上海 |
| 690 | @aTU974-39@v5 | |
| 701 | 0 | @a龚剑@Agong jian@4著 |
| 701 | 0 | @a朱毅敏@Azhu yi min@4著 |
| 801 | 0 | @aCN@c20210909 |
| 905 | @a河南城建学院图书馆@dTU974-39@eG385 | |
| 上海中心大厦数字建造技术应用= The application of digital construction technology to Shanghai center/龚剑, 朱毅敏著.-北京:中国建筑工业出版社,2019.12 |
| 14, 214页:彩图;26cm.-(数字建造.实践卷) |
| “十三五”国家重点图书出版规划项目 中国工程院重点咨询项目 国家“十三五”重点研发计划项目 上海超高层建筑管能建造工程技术研究中心 国家出版基金项目 |
| ISBN 978-7-112-24516-1(精装):CNY120.00 |
| 本书共分为7章, 系统地对上海中心大厦数字化建造的全过程进行了介绍和分析。主要内容包括: 数字化建造概况 ; 数字化深化设计 ; 地基基础工程数字化建造技术 ; 主体结构工程数字化建造技术 ; 大型设备设施数字化施工技术等。 |
| ● |
| 相关链接 |
|
|
|
正题名:上海中心大厦数字建造技术应用
索取号:TU974-39/G385
 
预约/预借
| 序号 | 登录号 | 条形码 | 馆藏地/架位号 | 状态 | 备注 |
| 1 | 1502972 | 215029724 | 管理学院资料室/ [索取号:TU974-39/G385] | 在馆 | |
| 2 | 1502973 | 215029733 | 管理学院资料室/ [索取号:TU974-39/G385] | 在馆 | |
| 3 | 1502974 | 215029742 | 管理学院资料室/ [索取号:TU974-39/G385] | 在馆 | |
| 4 | 1502975 | 215029751 | 管理学院资料室/ [索取号:TU974-39/G385] | 在馆 | |
| 5 | 1507133 | 215071339 | 土木与交通工程学院资料室/ [索取号:TU974-39/G385] | 在馆 | |
| 6 | 1543446 | 215434466 | 建筑库201/201建筑库 58排4列2层/ [索取号:TU974-39/G385] | 在馆 |